<?xml version="1.0" encoding="UTF-8"?><?xml-stylesheet type="text/xsl" href="static/style.xsl"?><OAI-PMH xmlns="http://www.openarchives.org/OAI/2.0/" xmlns:xsi="http://www.w3.org/2001/XMLSchema-instance" xsi:schemaLocation="http://www.openarchives.org/OAI/2.0/ http://www.openarchives.org/OAI/2.0/OAI-PMH.xsd"><responseDate>2026-04-29T04:09:22Z</responseDate><request verb="GetRecord" identifier="oai:repisalud.isciii.es:20.500.12105/25817" metadataPrefix="marc">https://repisalud.isciii.es/rest/oai/request</request><GetRecord><record><header><identifier>oai:repisalud.isciii.es:20.500.12105/25817</identifier><datestamp>2025-12-18T12:58:41Z</datestamp><setSpec>com_20.500.12105_2203</setSpec><setSpec>com_20.500.12105_2202</setSpec><setSpec>col_20.500.12105_19585</setSpec></header><metadata><record xmlns="http://www.loc.gov/MARC21/slim" xmlns:dcterms="http://purl.org/dc/terms/" xmlns:doc="http://www.lyncode.com/xoai" xmlns:xsi="http://www.w3.org/2001/XMLSchema-instance" xsi:schemaLocation="http://www.loc.gov/MARC21/slim http://www.loc.gov/standards/marcxml/schema/MARC21slim.xsd">
   <leader>00925njm 22002777a 4500</leader>
   <datafield ind2=" " ind1=" " tag="042">
      <subfield code="a">dc</subfield>
   </datafield>
   <datafield ind2=" " ind1=" " tag="720">
      <subfield code="a">Instituto de Salud Carlos III. Gabinete de prensa</subfield>
      <subfield code="e">author</subfield>
   </datafield>
   <datafield ind2=" " ind1=" " tag="260">
      <subfield code="c">2024-11-25</subfield>
   </datafield>
   <datafield ind2=" " ind1=" " tag="520">
      <subfield code="a">Carlos Martín Saborido, es el nuevo director de la Agencia de Evaluación de Tecnologías Sanitarias (AETS) del ISCIII. El doctor Martín Saborido ha desarrollado su biografía profesional en torno a la evaluación clínica y económica de tecnologías sanitarias. El ahora director de la AETS ya había trabajado anteriormente como investigador asociado en esta Agencia del ISCIII. En 2020 obtuvo una plaza de científico titular en el Departamento de Economía de la Salud de la Escuela Nacional de Salud (ENS) del ISCIII, y en 2021 fue nombrado vocal asesor en la Dirección General de Cartera Común de Servicios del SNS y Farmacia del Ministerio de Sanidad, donde ha desarrollado en los últimos años diversas estrategias de precio y reembolso en el marco de la política farmacéutica.</subfield>
   </datafield>
   <datafield ind1="8" ind2=" " tag="024">
      <subfield code="a">Nota de prensa y noticia publicada el 25/11/2024.</subfield>
   </datafield>
   <datafield ind1="8" ind2=" " tag="024">
      <subfield code="a">https://hdl.handle.net/20.500.12105/25817</subfield>
   </datafield>
   <datafield tag="653" ind2=" " ind1=" ">
      <subfield code="a">Agencia de Evaluación de Tecnologías Sanitarias</subfield>
   </datafield>
   <datafield tag="653" ind2=" " ind1=" ">
      <subfield code="a">Nombramiento</subfield>
   </datafield>
   <datafield tag="653" ind2=" " ind1=" ">
      <subfield code="a">Carlos Martín Saborido</subfield>
   </datafield>
   <datafield ind2="0" ind1="0" tag="245">
      <subfield code="a">Carlos Martín Saborido, nuevo director de la Agencia de Evaluación de Tecnologías Sanitarias del ISCIII</subfield>
   </datafield>
</record></metadata></record></GetRecord></OAI-PMH>